000 00431nam a22001817a 4500
005 20221213130604.0
008 221213b |||||||| |||| 00| 0 eng d
020 _a97843346268
041 _aeng
082 _a658.155 2
_bARO
100 _aM.N ARORA
_97332
245 _aCOST AND MANAGEMENT ACCOUNTING
250 _a4TH Ed
260 _aMUMBAI
_bHIMALYA
_c2022
300 _a18.24:P.
650 _aMANAGENT
_97333
942 _cBK
999 _c8030
_d8028